[Event "Paris op"]
[Site "Paris"]
[Date "1998.??.??"]
[Round "7"]
[White "Avrukh, Boris"]
[Black "Komarov, Dimitri"]
[Result "1/2-1/2"]
[WhiteElo "2565"]
[BlackElo "2570"]
[Annotator "Avrukh,B"]
[PlyCount "54"]
[EventDate "1998.07.??"]
[EventType "swiss"]
[EventRounds "9"]
[EventCountry "FRA"]
[SourceTitle "EXT 2000"]
[Source "ChessBase"]
[SourceDate "1999.11.16"]
[SourceVersion "1"]
[SourceVersionDate "1999.11.16"]
[SourceQuality "1"]

1. d4 Nf6 2. c4 e6 3. Nf3 b6 4. g3 Ba6 5. b3 Bb4+ 6. Bd2 Be7 7. Nc3 c6 (7... d5
{is another line}) 8. e4 d5 9. e5 Ne4 10. Bd3 Nxc3 (10... Nxd2 11. Qxd2 Qd7 $6
(11... Bb7 12. cxd5 (12. O-O O-O 13. Rfe1 Na6 14. cxd5 cxd5 15. a3 {[%csl Gb4]}
Nb8 16. Rec1 Nc6 17. b4 Rc8 18. Qc2 g6 19. Qd2 f6 $13 {1-0 Halasz,T-Kiselev,S/
HUN-chop 1990 (38)}) 12... cxd5 13. O-O Nc6 14. Ne2 Rc8 15. Nf4 Rc7 16. h4 $36
{Browne,W-Speelman,J/Lone Pine op 1978/1-0 (55)}) 12. O-O O-O 13. Rfe1 b5 14.
c5 b4 15. Na4 Bxd3 16. Qxd3 Qb7 17. Nb2 Na6 18. Qd2 Nc7 19. Nd3 a5 20. a3 $16 {
Haik,A-Cshom,I/Biel/1986/1:0/49/}) 11. Bxc3 c5 12. dxc5 bxc5 (12... Bxc5 $143
13. O-O Bb7 14. Qe2 O-O 15. Rad1 $14 {Christiansen,L-Ligterink,H/Luzern ol/
1982/1:0/20/}) 13. Qe2 (13. O-O $5 Bb7 14. Qe2 Qd7 (14... O-O $142) 15. cxd5
Bxd5 (15... Qxd5 16. Bb5+ Kf8 17. Kg2 {[%csl Rf8]}) 16. Nd2 Nc6 17. Ne4 Nd4 18.
Bxd4 cxd4 19. Qg4 Kf8 20. Rac1 $16 {Ribli,Z-Timman,J/Tilburg/1984/1:0/46/})
13... Bb7 14. Rd1 ({Too risky} 14. O-O-O $6 d4 15. Be4 (15. Bd2 Qc7) 15... Nc6
(15... Qb6 $5 16. Ba5 Qa6 17. Kb2 {Timman/} Bxe4 18. Qxe4 Nc6 19. Bd2 Qb6 $13 {
[%cal Ga7a5,Ga5a4]}) 16. Bd2 Qb6 17. Qd3 Rb8 (17... a5 $6 18. a4 Rb8 {/\19.
Kc2? Ne5 20.Ne5 Be4!-+/} 19. Rhe1 $14) 18. Kb2 h6 (18... a5 $6 19. Ka1 a4 20.
Rb1 $36) 19. Ka1 Bd8 20. Rb1 $6 (20. Rhe1 $5 O-O 21. Rc1 $1 Nb4 22. Bxb4 Bxe4
23. Rxe4 Qxb4 24. Nd2 a5 $15) 20... O-O 21. Rhe1 (21. g4 $5 {/\h4,g5|^/}) 21...
Nb4 (21... Qa6 $5) 22. Bxb4 Bxe4 23. Rxe4 Qxb4 24. Kb2 Ba5 $36 {1/2-1/2
Kortschnoj,V-Timman,J/KRO m 1982 (41)}) (14. O-O $5 d4 $6 (14... Qd7 {see 13
0-0}) (14... O-O 15. Rad1 Qb6 (15... d4 16. Bd2 Nd7 17. Be4 Bxe4 18. Qxe4 Qc7
19. Rfe1 Rfb8 (19... Rfe8 20. h4 a5 21. a4 Rab8 22. Rb1 Bf8 23. Qg4 Kh8 $13 {
1/2-1/2 Ribli,Z-Chandler,M/Sarajevo 1985 (27)}) 20. Bg5 Qd8 (20... Bf8 $5) 21.
Bxe7 Qxe7 22. b4 cxb4 23. Nxd4 Nc5 24. Nc6 Nxe4 {1-0 Kavalek,L-Portisch,L/
Thessaloniki olm 1984 (52)} (24... Qe8 25. Qf3 Rb6 $11)) 16. cxd5 exd5 17. Rfe1
Qe6 18. b4 d4 $1 19. Ba1 Nd7 $13 {1/2-1/2 Ruban,V-Mitenkov,A/RUS-chT 1994}) 15.
Bd2 O-O 16. Be4 (16. h4 $1 Nd7 17. Ng5 Bxg5 18. hxg5 $36) 16... Qc7 (16... Bxe4
17. Qxe4 Nd7 18. Ne1 $1 $14 {[%cal Ge1d3,Gf2f4]}) 17. Rfe1 Nd7 18. Qd3 Bxe4 19.
Rxe4 a5 20. Bg5 Rfe8 21. Bxe7 Rxe7 22. Rae1 a4 {[%csl Rb3]} 23. h4 axb3 24.
axb3 Ra3 25. Nd2 Qb8 $11 {1/2-1/2 Petursson,M-Hansen,C/Gausdal zt 1985 (36)})
14... d4 (14... Qb6 15. cxd5 exd5 16. Bb5+ Bc6 17. Bxc6+ Qxc6 18. Qd3 d4 19.
Bb2 $14) 15. Be4 Qc7 (15... Nc6 16. Bd2 O-O 17. O-O a5 18. a4 Rb8 19. Ne1 $1 {
[%cal Ge1d3,Gf2f4,Gf4f5]} Qb6 20. Rb1 $14) 16. Bd2 Nd7 17. O-O h6 $2 (17... a5
18. Bg5 $1) (17... O-O 18. Bxb7 (18. Bg5 $2 Bxe4 19. Qxe4 Nxe5 $1) 18... Qxb7
19. Bg5 Bd8 $1 $11) 18. h4 (18. Ba5 $5 Qc8 (18... Qxa5 $2 19. Bxb7 Rd8 20. Bc6
$1 O-O 21. Bxd7 Rxd7 22. Ne1 $1 $16) 19. b4 cxb4 20. Nxd4 O-O 21. Bc2 Nb6 22.
Qd3 g6 {and black is O.K.}) 18... a5 19. Rfe1 Ra7 $5 20. Qd3 (20. a4 $5) 20...
a4 21. Bxb7 {And here i offered draw , which was accepted by my opponent, in
view of next variation.0,5-0,5} Qxb7 22. b4 $1 (22. Re4 $143 axb3 23. axb3 Ra3
(23... O-O $5 24. Rg4 $140 Kh8 25. Bxh6 $2 gxh6 26. Qd2 Bg5 $3 (26... Kh7 27.
Qd3+ $11) 27. Nxg5 (27. hxg5 Qxf3 28. g6 Kg7 $19) (27. Qd3 Be3 $1) 27... Nxe5
28. Re4 Qxe4 $1 29. Nxe4 Nf3+ $19) 24. Rb1 O-O 25. Bc1 Ra2 $15) 22... cxb4 23.
Nxd4 O-O (23... Nc5 24. Qe2 {[%csl Rb4][%cal Gd4b5]} Ra6 (24... b3 25. Qg4 $1
$36) 25. Qg4) 24. Nb5 Ra6 25. Qb1 Nb6 26. Bxb4 (26. Nd6 $2 Bxd6 27. exd6 Nxc4
28. Bxb4 (28. Qxb4 Nxd6 $17) 28... Rb6) 26... Nxc4 27. Bxe7 Qxe7 $11 1/2-1/2

[Event "DEN-ch"]
[Site "Esbjerg"]
[Date "1997.03.30"]
[Round "9"]
[White "Hansen, Curt"]
[Black "Hansen, Sune Berg"]
[Result "1/2-1/2"]
[WhiteElo "2605"]
[BlackElo "2505"]
[Annotator "Avrukh,B"]
[PlyCount "87"]
[EventDate "1997.03.22"]
[EventType "tourn"]
[EventRounds "9"]
[EventCountry "DEN"]
[EventCategory "10"]
[SourceTitle "CBM 060"]
[Source "ChessBase"]
[SourceDate "1997.09.29"]
[SourceVersion "1"]
[SourceVersionDate "1997.09.29"]
[SourceQuality "1"]

1. d4 Nf6 2. c4 e6 3. Nf3 b6 4. g3 Ba6 5. Nbd2 Bb7 6. Bg2 c5 7. e4 cxd4 8. Nxd4
Be7 (8... Bc5 9. Nc2 (9. N4b3 $6 d6 10. O-O e5 $1 11. Qe2 Nc6 12. Rd1 a5 13. a4
O-O 14. Nf1 Re8 15. Kh1 Nd4 16. Nxd4 exd4 17. f3 d5 18. cxd5 Nxd5 $17 {Votava,
J-Polak,T/Lazne Bohdanec 1997/0-1 (74)}) 9... Qc7 10. O-O Nc6 11. Qe2 d6 12.
Nb3 O-O 13. Bg5 Nd7 14. Rad1 Rfe8 15. Nxc5 dxc5 (15... bxc5 16. Qd2) 16. Qd2
Rf8 17. Qe1 {1/2-1/2 Browne,W-Petursson,M/Chicago National op 1991}) (8... d6
9. O-O Qc7 10. b3 Be7 11. Bb2 O-O 12. f4 $6 (12. Re1 a6 13. Nb1 Nc6 14. Nc3)
12... a6 13. g4 Nc6 14. Nc2 Nd7 15. g5 b5 16. Qh5 bxc4 17. Rf3 Rfe8 18. Nxc4 d5
19. Rh3 Nf8 20. f5 exf5 (20... dxc4 $1 21. f6 (21. g6 fxg6 22. fxg6 h6 23. Bxg7
Bc5+ 24. Qxc5 Qxg7 $19) 21... Bc5+ 22. Kh1 e5 $19) 21. exd5 Bc5+ 22. Kh1 Ne7
23. Rd1 Rad8 24. Be5 Qc8 25. Rhd3 Neg6 26. Bg3 f4 27. Be1 Qf5 $15 {1-0 Ftacnik
Lubomir-Van Den Doel Erik/It, Sonnevanck (Netherlands) 1995 (40)}) 9. O-O O-O
10. b3 (10. e5 Bxg2 11. Kxg2 (11. exf6 $2 Bxf6) 11... Ne8 {[%cal Gd7d6,Gf7f6]}
12. Qf3 Na6 $132) 10... d6 11. Bb2 {threatening 12e5} Qc8 $6 (11... Qc7 $142 {
leads to Ftachnik-Van Den Doel 1995 game.} 12. Nb5 $140 Qd7 {[%cal Ga7a6]}) 12.
Rc1 Nbd7 (12... Nc6 $5) 13. Re1 Re8 14. h3 a6 15. Qc2 (15. f4 $6 e5 (15... Bf8
$2 16. e5 $18) 16. Nf5 Bf8 $132 {[%cal Gg7g6]} (16... Qc5+ $6 17. Kh2)) 15...
Qc7 16. b4 Rac8 17. a3 h5 $2 {[%csl Rg5]} (17... Bf8 $142) (17... Qb8 $142 {
with complicated play in both cases.}) 18. N4f3 $1 (18. N2f3 b5 $1 19. cxb5
Qxc2 20. Rxc2 Rxc2 21. Nxc2 axb5 (21... Bxe4 22. Rxe4 Nxe4 23. bxa6 d5 24. Nfd4
$44) 22. Nfd4 Ne5 {with a good position.}) 18... Qb8 (18... d5 19. e5 Ne4 20.
Qd3 $1 Nxd2 21. Nxd2 $16) 19. Ng5 Qa8 20. h4 $2 {[%csl Gg4]} (20. Qd3 $1 {
[%csl Gb5]} Bf8 (20... Ne5 21. Qe2 {[%cal Gf2f4]}) (20... h4 21. gxh4 Ne5 22.
Qe3 $16) 21. f4 $16) 20... Nf8 21. Qa4 (21. Qd3 Ng6) 21... e5 22. Qb3 {[%csl
Gf7][%cal Gc4c5]} N6h7 23. Nxh7 Nxh7 24. Qe3 Qa7 (24... b5 $2 25. Qe2 {[%csl
Gb5,Gh5]} bxc4 26. Nxc4 $18 {[%csl Gh5][%cal Gc4b6]}) 25. Qd3 Rc7 26. Nf1 Nf6
27. Ne3 Bc8 28. Rc2 (28. Nf5 Bf8 (28... Bxf5 29. exf5 Rec8 {isn't so clear.})
29. Nxd6 Bxd6 30. Qxd6 Rd7 31. Qc6 Rd2 32. Bc3 (32. Bxe5 Bb7 $19) 32... Bd7 33.
Qxf6 gxf6 34. Bxd2 $11) (28. Nd5 Nxd5 29. exd5 Bg4 $11) (28. Bf3 $5 Bd7 (28...
Be6 29. Nd5 Bxd5 30. exd5 $14) 29. Bd1 Rec8 30. Bb3 $14) 28... Bd7 {[%cal
Gb6b5]} 29. Nf5 Bf8 30. Bc1 (30. Nxd6 $2 Bxd6 31. Qxd6 Ba4 $17 {[%cal Gc7d7]})
30... Be6 (30... b5) 31. Bg5 Nh7 32. Nxd6 (32. Be3 Rc6 {[%cal Gg7g6]}) (32. Bd2
Rec8 33. Rec1 Nf6 $11) 32... Rd7 33. c5 bxc5 34. bxc5 Nxg5 35. hxg5 Red8 36.
Qc3 $2 (36. Qe3 $1 Bxd6 37. cxd6 Qxe3 38. Rxe3 Rxd6 $11) 36... Bxd6 $2 (36...
Rc7 $1 37. Qb2 (37. Nf5 $2 Rxc5 38. Qe3 Rxc2 $3 39. Qxa7 Bc5 $17) 37... Rxc5
38. Rxc5 Qxc5 39. Nb7 Qd4 $17) 37. cxd6 Rxd6 38. Qxe5 Rd2 39. Re2 Rd1+ 40. Kh2
Bg4 $1 41. Re3 R1d2 42. Qc3 (42. Rxd2 Rxd2 43. g6 $6 (43. Kg1 Rd1+) 43... fxg6
44. Qe8+ Kh7 45. Qf8 Qc7 {[%csl Gf2][%cal Gc7c2,Gh5h4]}) 42... Rxc2 43. Qxc2
Qe7 (43... Qd4 $5) 44. Rd3 (44. f4 Qd6 {[%csl Gh2][%cal Gd6d2]} (44... Rd1 45.
Rd3 Rxd3 (45... Ra1 46. Qb2 {[%csl Rg8][%cal Gb2b8,Gd3d8]}) 46. Qxd3 $16) 45.
e5 Qd2 (45... Qd4 46. Qc3) 46. Qxd2 Rxd2 $132 47. g6 fxg6 48. e6 Kf8 49. e7+
Ke8 $11) (44. g6 fxg6 45. Rd3 Rxd3 46. Qxd3 Bc8 47. f4 Kh7 $11) 1/2-1/2

[Event "EU-chT (Men) 11th"]
[Site "Pula"]
[Date "1997.05.??"]
[Round "8.3"]
[White "Dautov, Rustem"]
[Black "Palac, Mladen"]
[Result "1/2-1/2"]
[WhiteElo "2590"]
[BlackElo "2595"]
[Annotator "Avrukh,B"]
[PlyCount "81"]
[EventDate "1997.05.05"]
[EventType "team-swiss"]
[EventRounds "9"]
[EventCountry "CRO"]
[SourceTitle "CBM 057 Extra"]
[Source "ChessBase"]
[SourceDate "1997.05.01"]
[SourceVersion "1"]
[SourceVersionDate "1997.05.01"]
[SourceQuality "1"]
[WhiteTeam "Germany"]
[BlackTeam "Croatia"]
[WhiteTeamCountry "GER"]
[BlackTeamCountry "CRO"]

1. d4 {Dautov} Nf6 2. c4 e6 3. Nf3 b6 4. g3 Ba6 5. b3 Bb4+ 6. Bd2 Be7 7. Bg2 c6
8. Bc3 d5 9. Ne5 Nfd7 10. Nxd7 Nxd7 11. Nd2 O-O 12. O-O Rc8 13. e4 b5 14. Re1
dxc4 15. bxc4 bxc4 {Now this variation becomes one of the main weapons against
Queens Indian with 4g3.} 16. Qc2 (16. Qa4 {more popular line.}) 16... Re8 (
16... Nb6 17. Nf1 (17. a4 Qc7 18. a5 Nd7 19. Bf1 e5 $5) 17... c5 18. d5 exd5
19. exd5 Bf6 20. Ne3 Rb8 21. Be4 h6 22. Nf5 {1/2-1/2 Chernin,A-Hertneck,G/
Lucerne WTC 1985}) (16... Qc7 17. Bf1 e5 (17... c5 18. d5 exd5 19. exd5 Nf6 20.
Be5 Qd8 21. Nxc4 Qxd5 22. Rad1 Qc6 23. Bg2 Qb5 24. Ne3 $1 {/\ Nf5, a4+/-}) 18.
Nxc4 Bxc4 19. Bxc4 exd4 20. Bxd4 Ne5 21. Be2 $1 (21. Bxe5 $14) 21... Rfd8 (
21... c5 $5 22. Rac1 Nc6 23. Be3 Qa5 $14 {/\} 24. Bc4 Ne5) 22. Red1 c5 23. Rac1
Nc6 24. Be3 $16 {1-0 Chernin,A-Psakhis,L/Beer_Sheva 1993 (49)}) 17. Rad1 (17.
Bf1 $5 c5 18. d5 exd5 19. exd5 Nb6 20. Rad1 Qxd5 21. Nxc4 Qa8 (21... Qf3 22.
Re3 Qa8 23. Nxb6 axb6 24. Bh3 {worse for black.}) 22. Nxb6 axb6 23. Bh3 $1 Bf8
(23... Bb7 24. Bxc8 Qxc8 25. Re3 Qc6 26. f3 $14) (23... Rcd8 24. Bd7) (23... b5
24. Bxc8 Qxc8 25. a4 $1 b4 26. Bxb4 Bb7 (26... cxb4 27. Qxc8 Bxc8 28. Rxe7 $1)
27. Rxe7 Rxe7 28. Qxc5 $16) 24. Bxc8 Rxc8 25. a4 $14) 17... Nb6 $146 {N, /\Bb5}
(17... Bf8 18. a4 (18. Nf1 $1 $14 {Dautov}) 18... c5 19. d5 exd5 20. exd5 Rxe1+
21. Rxe1 Nb6 22. Ba5 $8 (22. Rd1 Qd7 23. a5 Qa4 $17) 22... Qd7 (22... c3 23.
Ne4 h6 24. Nxc3 $10) (22... Qd6 $5 {>=} 23. Bxb6 Qxb6 24. Nxc4 Qb4 25. Rc1 Re8
$15) 23. Bxb6 axb6 $10 24. Rb1 b5 25. axb5 Bxb5 {1/2-1/2 Cosma,I-Stoica,V/
Romania 1995}) 18. a4 {[%cal Ga4a5]} c5 19. d5 $8 exd5 20. exd5 (20. a5 $6 d4
$1 (20... Nd7 21. exd5 {in white's favour.}) 21. axb6 axb6 (21... Qxb6 22. Rb1
(22. Ba1 c3) 22... Qe6 23. Ba1 c3 24. Nf3 $44) 22. Qa2 (22. Ba1 b5 {very
dangerous for white.}) 22... Ra8 23. Nxc4 Bb5 (23... b5 24. Ne5 {[%csl Gf7]}
Rf8 25. Bb2 $16) 24. Na3 c4 $17) 20... Qd7 21. a5 (21. Be4 $1 {[%csl Gh7][%cal
Ge4f5]} g6 (21... Qxa4 $2 22. Bxh7+ Kf8 23. Qb2 $16) 22. Ba1 {[%csl Gf6,Gg7,
Gh8][%cal Gc2b2,Gc2c3]} Qxa4 (22... Nxa4 23. Nxc4 Bxc4 24. Qxc4 {with very
dangerous position for black.}) (22... Rcd8 23. a5 Nxd5 24. Nxc4 Bb7 25. a6 Ba8
26. Ne3 $1 Nxe3 27. Qb2 $18) 23. Qc3 f6 24. d6 Bd8 25. Bg2 $36 {[%cal Gd2e4]})
21... Na4 22. Ba1 (22. Be5 Bd8 $5 (22... c3 $142) 23. Bh3 $1 Qxh3 24. Qxa4 Bg5
25. Bf4 Rxe1+ (25... Be7 26. d6 Bb7 27. f3 Bc6 28. Qxc4 Bf8 29. Rxe8 Rxe8 $14)
26. Rxe1 h6 27. Bxg5 hxg5 28. Nxc4 Bxc4 29. Qxc4 Qd7 30. Re5 Qd8 {and it must
be draw.}) 22... c3 23. Ne4 (23. Bxc3 Nxc3 24. Qxc3 c4 (24... Bf6 25. Rxe8+
Qxe8 26. Qc2 Bd4 27. Nf3 Qe2 $11) 25. Ne4 Bf8 $15 {[%cal Gc8b8]}) 23... Bb5 (
23... Bf8 {Dautov} 24. Nxc3 Nxc3 25. Bxc3 $14 (25. Qxc3 $14)) 24. Nxc3 (24. d6
Bf8 (24... Bd8 $8 {Dautov} 25. Bxc3 $1 (25. Nxc3 Rxe1+ (25... Bxa5 $2 26. Re7
Rxe7 27. dxe7 Qe8 28. Nxb5 Qxb5 29. Bh3 $18) 26. Rxe1 Nxc3 $1 (26... Bxa5 $2
27. Nxb5 Qxb5 (27... Bxe1 28. Qxa4 Rb8 29. Bf1 Qf5 30. Qa2 a6 31. Na3 $16) 28.
Re7 $36) 27. Qxc3 Bf6 28. Qd2 Bxa1 29. Rxa1 Rd8 30. Rd1 Ba4 31. Rb1 h6 $11)
25... Nxc3 (25... f5 $2 26. Bh3 Nxc3 27. Nxc3 $16) 26. Qxc3 $14 c4 (26... h6 $2
27. Rd5 c4 28. Nc5 Rxe1+ 29. Qxe1 $18) 27. Qb4 (27. Rd5 $2 Bc6 28. Nc5 Bf6)
27... a6 28. Nc3 Bf6 (28... Rxe1+ 29. Rxe1 Bc6 $2 30. Bxc6 Qxc6 31. Qxc4 $18)
29. Nd5 $16) (24... Bxd6 $2 25. Re3 Rc6 26. Ng5 $16) 25. Bxc3 (25. Nxc3 $2
Rxe1+ 26. Rxe1 Nxc3 27. Qxc3 Qxd6 $19) (25. Ng5 Rxe1+ 26. Rxe1 g6 27. Bd5 Qxd6
28. Bxf7+ Kh8 29. Bb3 $18) 25... Nxc3 (25... c4 $2 26. Ng5 g6 27. Ne4 $16) 26.
Qxc3 c4 27. Rd4 a6 {with equal chances.}) (24. Re3 $5 {Dautov}) 24... Nxc3 25.
Qxc3 (25. Bxc3 Ba4 26. Bh3 Bxc2 27. Bxd7 Bxd1 28. Bxe8 Rxe8 29. d6 (29. Rxd1
Bd6 $11) 29... f6 $1 30. dxe7 (30. Rxd1 Rd8 31. d7 Kf7 $17) 30... Bf3 31. Bb2
Kf7 32. Ba3 $11) 25... Bf6 $11 26. Qa3 (26. Rxe8+ Qxe8 27. Qa3 Bxa1 28. Qxa1 c4
29. Qc3 Qd7 30. d6 Bc6 $11) (26. Qd2 {Dautov} Rxe1+ 27. Rxe1 Bxa1 28. Rxa1 Qd6
29. h4 h6 $11) 26... Be2 27. Rd2 (27. Rc1 Bxa1 (27... Bd4 $5) (27... Bd4 $132 {
Dautov}) 28. Qxa1 c4 29. Qd4 Rcd8 $11) 27... Bd3 $1 {after this accurate move,
draw result is becoming clear.} 28. Rxe8+ (28. Rc1 Bxa1 29. Qxa1 c4 30. Qd4 $11
) 28... Rxe8 29. Rd1 Bxa1 (29... Be2 30. Rc1 Bxa1 31. Qxa1 c4 32. Qd4 Bd3 33.
a6 h6 $11) 30. Qxd3 (30. Qxa1 {Dautov} c4 31. Qd4 h6 $11) 30... Bd4 31. Rb1 g6
32. Bf3 Qc7 (32... Qa4 {Dautov} 33. Qd2 $11) 33. Qb5 (33. a6 $6 Qa5) 33... Rd8
34. a6 c4 35. Qc6 Rc8 36. Qxc7 (36. Rb7 $2 {Dautov} Qd8) 36... Rxc7 37. Kf1 (
37. Rd1 {Dautov} Be5 $1 (37... c3 $4 38. d6 Rc4 39. d7 $18)) (37. Rb7 {Dautov}
Be5 $11) 37... c3 38. Rc1 Kf8 39. Ke2 Ke7 (39... Rc4 {Dautov} 40. Kd3 Rb4 41.
Rc2 $11) 40. Kd3 Bxf2 41. Rxc3 1/2-1/2

[Event "Czerniak Memorial 15th"]
[Site "Tel Aviv"]
[Date "1999.03.29"]
[Round "2"]
[White "Blees, Albert"]
[Black "Gershon, Alik"]
[Result "0-1"]
[WhiteElo "2431"]
[BlackElo "2467"]
[Annotator "Avrukh,B"]
[PlyCount "82"]
[EventDate "1999.03.??"]
[EventType "tourn"]
[EventRounds "9"]
[EventCountry "ISR"]
[EventCategory "10"]
[SourceTitle "CBM 071"]
[Source "ChessBase"]
[SourceDate "1999.08.01"]
[SourceVersion "1"]
[SourceVersionDate "1999.08.01"]
[SourceQuality "1"]

1. d4 Nf6 2. c4 e6 3. Nf3 b6 4. g3 Ba6 5. Qa4 Bb7 6. Bg2 c5 7. dxc5 Bxc5 8. O-O
O-O 9. Nc3 Be7 10. Bf4 Na6 11. Rfd1 Qc8 12. Rac1 Nc5 13. Qc2 Nce4 14. Nxe4 (14.
Nd4 Nxc3 15. Qxc3 a6 16. Qb3 {[%csl Gb6]} Bxg2 17. Kxg2 Qb7+ 18. Qf3 Ra7 $1 19.
Qxb7 Rxb7 20. f3 Rc8 21. e4 Ne8 $11 {[%cal Ge7f6] 1/2-1/2 Piket,J-Karpov,A/
Monaco MNC 1999 (36)}) 14... Bxe4 15. Qa4 ({Nothing gives} 15. Qd2 Qb7 16. Bd6
Bxd6 17. Qxd6 Rac8 {[%cal Gc8c6]} 18. Rd4 (18. b3 $143 h6 19. Rd4 $2 (19. Ne1
$11) 19... Rc6 20. Qf4 Rc5 21. Rd6 b5 $17 {0-1 Dautov,R-Smirin,I/Daugavpils
1989/CBM 16/[Schussler] (40)}) 18... Rc7 {[%cal Gf8c8,Gb6b5]} (18... Rc6 19.
Qf4 Rc5 $5) 19. Rcd1 Rfc8 20. b3 b5 21. cxb5 Qxb5 $15 {0-1 Garcia,R-Atlas,V/
Moscow 1994/EXP 44 (54)}) (15. Qb3 Qb7 16. Bd6 Bxd6 17. Rxd6 Rac8 $11 {
Dlugy-Adorjan, New York 1984.}) 15... Qb7 $1 $146 {This logical move is a
strong improvement comparing with the game Meister-Atlas and in my opinion
clearly closes this line.} (15... Bc6 16. Qb3 Qa6 $2 {[%cal Gc6a4]} (16... Qb7
$142) 17. Bd6 Bxd6 18. Rxd6 Ne4 19. Rd4 Nc5 20. Qc2 {[%cal Gb2b4]} Qxa2 21. b4
Qxc2 22. Rxc2 Nb3 23. Rd3 Be4 24. Rcc3 $16 {[%csl Rb3] 1-0 Meister,P-Atlas,V/
BL9394 1994/BL 90 (75)}) 16. Bd6 $2 {[%mdl 16384] After this logical move
white is even in troubles.There is no coordination among the white pieces,
especially white's queen on a4 is very bad placed; and the difference between
black's bishop on e4 and white's on g2 makes black's position clearly better.
So the best way for white was to change the bishops (e4 and g2) and to
recognize, that there are no chances to get an advantage in this line.} (16.
Ne1 Bxg2 17. Nxg2 d5 $11) 16... Bxd6 17. Rxd6 Rfc8 $1 {[%cal Gb6b5]} 18. Rcd1 (
18. Qb4 Rc5 $1 {[%cal Ga8c8,Gb6b5]} (18... Nd5 19. Qa3) 19. Rcd1 $140 Qc7 $1
$17 {[%csl Gc4,Gd6][%cal Gf6d5]}) 18... Qc7 19. Qb4 (19. b3 Qc5 $1 (19... Bd5
20. Qb4 Ne4 21. cxd5 Nxd6 22. dxe6 $16) 20. Qb5 (20. R6d2 Bc6 21. Qa6 Ne4 $17)
20... Qa3 $1 $17 {[%cal Gc8c5]}) 19... Rab8 (19... Qxc4 $2 20. Qxc4 Rxc4 21.
Nd2) 20. b3 a5 21. Qa3 (21. Qb5 $2 Bc6 (21... Bd5 $17 {[%csl Gd6]}) 22. Qe5 (
22. Qg5 Ne4 $19) 22... Bxf3 23. Bxf3 Ne8 $19) 21... b5 22. cxb5 Rxb5 23. Nd2 {
[%cal Gd2c4]} (23. Ne1 Bd5 $1 {[%csl Gd6]} (23... Bxg2 24. Nxg2 Nd5 $5 {
[%csl Gc3][%cal Gd5c3]}) 24. e4 (24. Bxd5 Nxd5 (24... exd5 $5 {[%csl Gd6]}) 25.
e4 Rc5 $1 26. e5 f6 $17) 24... Rc5 $1 25. e5 Bxg2 26. exf6 Bd5 27. Ra6 gxf6 $19
) 23... Bxg2 24. Kxg2 Qc2 25. Nc4 (25. Nf3 Qxe2 26. Re1 Qc2 27. Nd4 Qd2 28.
Rexe6 (28. Re2 Qd1) 28... fxe6 29. Nxb5 Nd5 {[%cal Gc8f8] with decisive attack
for black.}) 25... Rh5 $1 {[%mdl 128]} (25... Qxe2 $2 26. R6d2 {[%cal Gc4d6]}
Qe4+ 27. f3 $16) 26. R6d4 (26. Nb6 Re8 27. Qa4 (27. Nxd7 Ne4 $19) 27... Qf5 $17
{[%cal Gf5h3,Gf6e4]}) 26... e5 $17 (26... Qxe2 27. R1d2 Qe1 28. Rd1 Qc3 29.
R4d3 (29. R1d3 Qc2) 29... Qb4 30. Qxb4 axb4 31. Nb6 Rc2 32. Nxd7) 27. R4d2 Qf5
28. h4 $8 (28. Nd6 Qh3+ 29. Kf3 Rc3+ 30. Rd3 e4+ 31. Nxe4 Qf5+ $19) 28... Ne4 {
[%csl Gd2,Gf2]} (28... Rxh4 $2 29. gxh4 Qg4+ $11) 29. f3 Nxd2 30. Rxd2 e4 (
30... Qe6 31. Rd6 Qe7 32. Qxa5 $44 {[%csl Gh5]}) 31. Qe7 exf3+ 32. exf3 Rf8 $6
(32... Qe6 33. Rxd7 Qxe7 34. Rxe7 Rd5 35. Ra7 h5 $17 36. a4 $140 Rd3 37. Nxa5
Rc2+ 38. Kh3 Rxf3 $19) 33. Rxd7 h6 $2 $138 (33... Qc5 $1 34. Qxc5 (34. Qe4 Qb4
$1 $17 (34... Rh6 {[%cal Gh6e6]} 35. Rd5)) 34... Rxc5 35. Ra7 Rd8 36. a4 (36.
Nxa5 Rc2+ 37. Kh3 Rxa2 $19) 36... h5 $17 {[%csl Gb3][%cal Gd8d3]} 37. Rxa5 Rxa5
38. Nxa5 Rd2+ 39. Kg1 Rb2 $19) 34. g4 Qg6 35. Rd6 $2 (35. Ne5 Qc2+ 36. Kg3 Rxe5
37. Qxe5 Qxa2 $11) 35... f6 (35... Qc2+ $2 36. Rd2 Qg6 37. Ne5 $16) 36. Rd2 $2
(36. Kh3 Rb5 37. h5 Qe8 38. Rd7 Qxe7 39. Rxe7 {[%cal Gc4d6,Gd6f5]} f5 $1 $17)
36... Rxh4 $19 37. Qe6+ Kh7 38. Ne3 Re8 39. Qb6 Qg5 40. Rd3 Qf4 {[%csl Rg2]}
41. Kf2 Rh3 0-1